000 00944nam a2200277Ia 4500
003 OSt
005 20221005105334.0
006 a|||||r|||| 00| 0
007 ta
008 221004b |||||||| |||| 00| 0 hin d
020 _a8128817205 (pbk)
_cIndian Rupees 150
024 _a70886
037 _bGift, 12/12/2021,
_cTextual
040 _aCRL
_cCRL
_bhin
041 _2hin
_ahin
082 _aO152,3N35x, P8
100 _aनिशांतकेतु, ले.
245 0 _aजिस्म के छिलके
246 _aJisma ke chhilake
260 _aनई दिल्ली
_bडायमंड बुक्स भारत
_c2008
300 _a249पृ0
_ccm.
650 _a हिन्दी साहित्य
650 _aहिन्दी कहानी
942 _hO152,3N35x, P8
_cTEXL
_2cc
999 _c1015519
_d1015519